00512nam a2200157Ia 450000500170000000800410001708200160005810000180007424500200009226000390011230000120015150000730016394200060023695200970024299900150033920250116060935.0240331s9999 xx 000 0 und d bDEFa929.92 aDe Fonseka, L 4aThe karave flag aSri LankabLionel De Fonsekac1971 a17 p ., aThe Karave Flag is a document well worthy of antiquarian attention. cL 001040708LaWERCLbWERCLcSSCd2024-03-31l0o 929.92 DEFp234r2024-03-31w2024-03-31yL c3438d3438